Pays Organisateurs Championnats du Monde d'Athlétisme (Mort subite) - Statistiques

Statistiques générales
  • Ce quiz a été pris 116 fois
  • Le résultat moyen est 7 sur 16
Answers on the Grid
Answers color-coded by a green-red scale on the quiz's grid according to % correct below.
Allemagne
Canada
Chine
Corée du Sud
Espagne
Etats-Unis
Finlande
France
Grèce
Hongrie
Italie
Japon
Qatar
Royaume-Uni
Russie
Suède
Australie
Inde
Jamaïque
Kenya
Maroc
Brésil
Mexique
Pologne
Norvège
Suisse
Arabie Saoudite
Ouzbékistan
Serbie
Chili
 
Statistiques - réponses
Réponse % Correct
France
76%
Etats-Unis
65%
Allemagne
60%
Japon
52%
Italie
50%
Chine
48%
Royaume-Uni
48%
Russie
42%
Espagne
39%
Qatar
39%
Finlande
37%
Hongrie
37%
Corée du Sud
32%
Canada
31%
Suède
31%
Grèce
27%
Aucun quiz correspondant
Distribution des résultats
% des personnes avec chaque résultat
Percentile par nombre de réponses
Votre historique - résultats
Vous n’avez pas pris ce quiz